ბათუმის შოთა რუსთაველის სახელმწიფო უნივერსიტეტის ბიბლიოთეკა

საქართველოს ნადირ-ფრინველი. (ბიბ.ჩანაწერი № 35334)

000 -LEADER
fixed length control field 00609nam a2200205Ia 4500
001 - CONTROL NUMBER
control field 1186
003 - CONTROL NUMBER IDENTIFIER
control field GE_BSU
008 - FIXED-LENGTH DATA ELEMENTS--GENERAL INFORMATION
fixed length control field 181216s||||||||xx |||||||||||||| ||und||
040 ## - CATALOGING SOURCE
Transcribing agency GE_BSU
080 ## - UNIVERSAL DECIMAL CLASSIFICATION NUMBER
Universal Decimal Classification number 59
100 ## - MAIN ENTRY--PERSONAL NAME
Personal name ღამბარაშვილი ნ, ბურჯანაძე ვ.
245 ## - TITLE STATEMENT
Title საქართველოს ნადირ-ფრინველი.
260 ## - PUBLICATION, DISTRIBUTION, ETC.
Place of publication, distribution, etc. თბილისი.
260 ## - PUBLICATION, DISTRIBUTION, ETC.
Name of publisher, distributor, etc. ნაკადული.
260 ## - PUBLICATION, DISTRIBUTION, ETC.
Date of publication, distribution, etc. 1966.
300 ## - PHYSICAL DESCRIPTION
Extent 138გვ, 19სმ.
653 ## - INDEX TERM--UNCONTROLLED
Uncontrolled term ნადირ-ფრინველი.
942 ## - ADDED ENTRY ELEMENTS (KOHA)
Koha item type წიგნი
ეგზემპლარები
Withdrawn status Lost status Damaged status Not for loan Date acquired Barcode Date last seen Price effective from Koha item type
        2018-12-17 2792 2018-12-17 2018-12-17 წიგნი